| 000 | 02192nam1a2200877 i 4500 | ||
|---|---|---|---|
| 001 | RU\NLR\bibl\1283621 | ||
| 005 | 20240725214422.0 | ||
| 035 | _a(NLR Aleph) 001269362 | ||
| 090 |
_a429177 _c429177 |
||
| 100 | _a20081013g20089999c y0rusy50 ca | ||
| 101 | 0 | _arus | |
| 102 | _aRU | ||
| 105 | _ay ||||||||| | ||
| 200 | 1 |
_aБольшая книга ужасов _e[для среднего школьного возраста] |
|
| 210 |
_aМосква _cЭксмо _d2008 |
||
| 215 | _d22 | ||
| 225 | 1 | _aБольшая книга ужасов | |
| 300 | _aАвторы книг указаны на обложке | ||
| 463 | 0 | _10011246941 | |
| 463 | 0 | _10011246952 | |
| 463 | 0 | _10011313651 | |
| 463 | 0 | _10011304733 | |
| 463 | 0 | _10011314369 | |
| 463 | 0 | _10011313116 | |
| 463 | 0 | _10011323397 | |
| 463 | 0 | _10011338715 | |
| 463 | 0 | _10011394141 | |
| 463 | 0 | _10011344717 | |
| 463 | 0 | _10011400767 | |
| 463 | 0 | _10011423993 | |
| 463 | 0 | _10011352538 | |
| 463 | 0 | _10011338825 | |
| 463 | 0 | _10011376744 | |
| 463 | 0 | _10011469748 | |
| 463 | 0 | _10011483158 | |
| 463 | 0 | _10011657288 | |
| 463 | 0 | _10011417062 | |
| 463 | 0 | _10011438903 | |
| 463 | 0 | _10011691126 | |
| 463 | 0 | _10011720273 | |
| 463 | 0 | _10011668290 | |
| 463 | 0 | _10011706119 | |
| 463 | 0 | _10011521394 | |
| 463 | 0 | _10011685789 | |
| 463 | 0 | _10011776171 | |
| 463 | 0 | _10011503256 | |
| 463 | 0 | _10011662813 | |
| 463 | 0 | _10011828074 | |
| 463 | 0 | _10011787784 | |
| 463 | 0 | _10011767863 | |
| 463 | 0 | _10011872500 | |
| 463 | 0 | _10011799194 | |
| 463 | 0 | _10011406512 | |
| 463 | 0 | _10011886656 | |
| 463 | 0 | _10011839296 | |
| 463 | 0 | _10011918025 | |
| 463 | 0 | _10011932349 | |
| 463 | 0 | _10011961235 | |
| 463 | 0 | _10011961229 | |
| 463 | 0 | _10011895388 | |
| 463 | 0 | _10011920960 | |
| 463 | 0 | _10012004298 | |
| 463 | 0 | _10011993982 | |
| 463 | 0 | _10011999157 | |
| 463 | 0 | _10012026502 | |
| 463 | 0 | _10012034690 | |
| 463 | 0 | _10012048318 | |
| 463 | 0 | _10012052631 | |
| 686 | _aШ9(2)62=Р7-4 | ||
| 801 | 0 |
_aRU _bNLR _c20081013 _gRCR |
|
| 801 | 1 |
_aRU _bNLR _c20081013 |
|
| 852 |
_aNLR _j2008-5/5456 |
||
| 942 | _cBOOK | ||